|
|
|
|
| LEADER |
00000nam a2200000 a 4500 |
| 001 |
vtls008348470 |
| 003 |
SK-MaSNL |
| 005 |
20260302014625.0 |
| 008 |
190102s1975 xo 000 slo |
| 015 |
|
|
|a SKSNBA1975/08-01841
|
| 035 |
|
|
|a SK01SNK19750040687
|
| 035 |
|
|
|a SKM000043150
|
| 040 |
|
|
|a SNK
|b slo
|c SNK
|e AACR2
|
| 041 |
1 |
|
|a slo
|a cze
|
| 044 |
|
|
|a xo
|c SK
|
| 080 |
|
|
|a 615.4(082)=854=850
|2 1981
|
| 245 |
1 |
0 |
|a Závislosť stability liekovej formy na obale
|
| 260 |
|
|
|a Bratislava
|b Dom techniky SVTS
|c 1975
|
| 300 |
|
|
|a 112, [3] s.
|c 8°
|
| 500 |
|
|
|a Tb. Grafy. Čl. aj čes. Graf na tit. strane
|
| 563 |
|
|
|a 100 výtl. Vyd. pre účastníkov podujatia
|
| 650 |
0 |
7 |
|a liečivá
|x stabilita
|x závislosť
|x zborníky
|2 SNK
|9 659470
|
| 655 |
|
7 |
|a zborníky
|2 SNKPH
|9 70165
|
| 852 |
|
|
|a Slovenská národná knižnica v Martine
|b 10000
|h SC 36981
|
| 958 |
|
|
|a OND
|
| 958 |
|
|
|a RM
|
| 958 |
|
|
|a RK
|
| 958 |
|
|
|a ZB
|
| 999 |
|
|
|c 1017621
|d 1019551
|
| 952 |
|
|
|a SNK
|b SNK
|y VYP
|7 0
|p 17A1186159
|o snkSC 36981 D1
|i snkD 2251/90
|8 1
|0 0
|1 0
|4 0
|d 2016-11-16
|l 0
|r 2026-02-24 13:13:55
|w 2026-02-24
|